000 00717nam a2200289Ia 4500
001 19240
003 IT-RoPAU
008 130308s9999 xx 000 0 und d
040 _aIT-RoPAU
040 _cIT-RoPAU
041 _aITALIANO
100 _aIsotta Paolo
100 _gCodice Aut. SPICS: 5298
245 _aApollo in Albione
245 _bTeatro di Mozart (Il)
250 _a1a ed.
260 _aMILANO
260 _bRusconi
260 _c1979 [1° Ed.:1979 - Ed.Ling.Originale:1979]
300 _a"9 p. (prefazione: no ; testo: 9 [pagine: 5-13])"
650 _aAUTORI/OPERE DI MUSICA
650 _eCodice materia Spics: 7007
942 _cBK
957 _71
999 _c58636
_d58636
999 _bSI
999 _g1